000 00286nam a22001337a 4500
008 180914b xxu||||| |||| 00| 0 eng d
020 _a394503783
041 _aeng
080 _a941
100 _a17
101 _aHIS
245 _aAn American Procession
_cKazin, A
942 _2udc
_cBK
999 _c47761
_d47761